| 000 | 00971cam a2200217 4500 | ||
|---|---|---|---|
| 001 | WB3745-16 | ||
| 008 | 011127n2001 000 0 eng u | ||
| 035 | _a(Sirsi) u115761 | ||
| 245 | _aCooking up a solution | ||
| 260 | _c2001 | ||
| 490 |
_aEstates Gazette _v(0146) 17 November 2001, 176(1) |
||
| 520 | _aIn the case "Uratemp Ventures Ltd v Collins", the House of Lords ruled that premises can amount to a dwelling despite the absence of cooking facilities. However, the sharing of cooking facilities may mean that a tenant does not have a tenancy of a 'separate' dwelling. | ||
| 590 | _aWB | ||
| 650 | _aHOUSING ACT 1988 | ||
| 650 | _aRENT ACT 1977 | ||
| 650 | _aPROPERTY-RESIDENTIAL PROPERTY-RESIDENTIAL LANDLORD AND TENANT-RESIDENTIAL TENANCIES | ||
| 650 | _aDEFINITION OF A DWELLING | ||
| 650 | _aURATEMP VENTURES LTD V COLLINS AND CARRELL | ||
| 690 | _aPROPERTY-RESIDENTIAL PROPERTY-RESIDENTIAL LANDLORD AND TENANT-RESIDENTIAL TENANCIES | ||
| 942 | _n0 | ||
| 999 |
_c68949 _d68949 |
||